| 000 | 00610nam a2200193 i 4500 | ||
|---|---|---|---|
| 001 | 60634 | ||
| 003 | ES-MaACL | ||
| 007 | t| | ||
| 008 | 031105s1984 sp ||||1| spa d | ||
| 020 | _a84-505-0712-X | ||
| 100 | 1 |
_aEspinosa, Manolita. _947890 |
|
| 245 | 1 | 0 |
_aEncaje de bolillo y blondas en la ciudad de Almagro _b: (breve estudio) / _cManolita Espinosa. |
| 260 |
_aCiudad Real : _bMuseo de Ciudad Real, _c1984. |
||
| 300 |
_a57 p., 10 lám. ; _c28 cm. |
||
| 490 | 1 | _aEstudios y monografias | |
| 830 | 0 |
_aEstudios y monografias _9184517 |
|
| 852 |
_aES-MaACL _jL-8669 _bR.107893 |
||
| 999 |
_c60634 _d60634 |
||